000 00839cam a2200253 a 4500
001 000019785
005 20200929170134.0
008 831104s1968 sp 001 f spa d
040 _aDO-SdBNP
_cScRhW
_dScRhW
_dDLC
_dBNPHU
082 _a863.6
_bG633m, 1968
100 1 _aGómez de la Serna, Ramón,
_d1888-1963
_914278
245 1 3 _aLa mujer de ámbar /
_cRamón Gómez de la Serna.
250 _a7a ed.
260 _aMadrid :
_bEspasa-Calpe,
_c1968.
300 _a156, [18] p. ;
_c18 cm.
490 1 _aAustral. Azul: novelas y cuentos en general
_v14
500 _aIncluye índice de autores.
650 4 _aNovela española
_91123
650 4 _aLiteratura española
_ySIGLO XX
_93326
830 0 _aAustral.
_pAzul: novelas y cuentos en general ;
_v14
_922386
910 _aCatalogación derivada / LC
910 _aWM
049 _aBNGR
999 _c19298
_d19298